1017 1862 1671 1741 1937 1097 1285 1362 1083 1610 1007 1679 1820 1570 1621 1558 1862 1506 1029 1058 1424 1660 1749 1501 1713 1889 1621 1395 1015 1045 1282 1275 1022 1676 1027 1017 1891 1160 1700 1471 1772 1132 1928 1834 1493 1580 1482 1918 1636 1556 1328 1114 1251 1859 1935 1362 1689 1099 1021 1559 1812 1289 1995 1799 1802 1294 1929 1349 1683 1129 1537 1324 1987 1843 1356 1524 1541 1462 1020 1167 1615 1952 1870 1723 1508 1169 1345 1271 1917 1341 1516 1441 1677 1593 1164 1519 1221 1322 1770 BCNSPRNW ULIB Ver.6.0+V

เปลี่ยนเป็นภาษาไทย

Change to English
 แสดงรายละเอียดบรรณานุกรม
  กลับหน้าหลัก

Brief Record : Get Marc (ISO 2709) : E-mail record : QR code < ปิดหน้าต่าง
LEADER : 00000nam 2200000uu 4500
001    13399114832
003     ULIB
008    020711s|||| th a 000 0 eng d
245    ^aNurses Handbook of Health Assessment
260    ^a ^bม.ป.ท.,^cม.ป.ป.
945    ^p0^l0^i027440
999    ^aวรรณษา ชูชัยมงคล
รายการนี้ยังไม่มีแท็ก
คุณยังไม่ได้ล็อกอิน คุณสามารถมีกิจกรรมร่วมกับเว็บไซต์ได้ แต่ต้องล็อกอินก่อน ::
  ล็อกอิน

รายการสื่อสารสนเทศ

ลำดับที่ ประเภท เลขเรียก/บาร์โค้ด สถานที่ สถานะ
- ไม่พบข้อมูล -

รายการใกล้เคียง
    ชื่อเรื่อง [Nurses Handbook of Health Assessment]

    ผู้แต่ง []

BibComment


ยังไม่เคยถูกคอมเมนท์

คอมเมนท์ทรัพยากรรายการนี้
  คอมเมนท์: Nurses Handbook ..


 Copyright 2026. Bcnsprnw @Library